Európa sleduje bezpečnosť potravín

Legislatívne podmienky pre implementáciu všeobecných princípov a požiadaviek potravinového práva na Slovensku pred a po vstupe do EÚ. Zabezpečenie kontroly celého potravinového reťazca.

Na minha lista:
Detalhes bibliográficos
Autor principal: Hinková-Dibarborová, Andrea
Formato: Capítulo de Livro
Idioma:eslovaco
Assuntos:
Tags: Adicionar Tag
Sem tags, seja o primeiro a adicionar uma tag!

MARC

LEADER 00000naa a2200000 4500
001 r048502
005 20231004094409.3
041 0 |a slo 
044 |a SK 
245 1 0 |a Európa sleduje bezpečnosť potravín  |c Andrea Hinková 
520 |a Legislatívne podmienky pre implementáciu všeobecných princípov a požiadaviek potravinového práva na Slovensku pred a po vstupe do EÚ. Zabezpečenie kontroly celého potravinového reťazca. 
610 2 0 |a potraviny 
610 2 0 |a bezpečnosť 
610 2 0 |a ochrana zdravia 
610 2 0 |a úpravy právne 
610 2 0 |a legislatíva 
610 2 0 |a integrácia ekonomická medzinárodná 
610 2 0 |a Slovensko 
610 2 0 |a Európska únia 
100 1 |a Hinková-Dibarborová, Andrea